Fundamentals of gas turbines

Αποθηκεύτηκε σε:
Λεπτομέρειες βιβλιογραφικής εγγραφής
Κύριος συγγραφέας: Bathie, William W.
Μορφή: Βιβλίο
Γλώσσα:English
Δημοσίευση: New York : John Wiley and sons, c1996
Έκδοση:2nd ed.
Θέματα:
Ετικέτες: Προσθήκη ετικέτας
Δεν υπάρχουν, Καταχωρήστε ετικέτα πρώτοι!

MARC

LEADER 00000nam a2200000 i 4500
001 1/17687
008 981006s1996 eng d
020 |a 0-471-31122-7 
035 |l 10020648 
040 |a GR-MY-UA  |b gre  |e aacr 
041 0 |a eng 
082 0 |a 621.433 
100 1 |a Bathie, William W. 
245 1 0 |a Fundamentals of gas turbines /  |c William W. Bathie 
250 |a 2nd ed. 
260 |a New York :   |b John Wiley and sons,   |c c1996 
300 |a xiv, 453 σ.;  |b εικ.;  |c 26 εκ. 
504 |a Περιέχει βιβλιογραφικές παραπομπές και ευρετήριο 
650 0 0 |a Gas-turbines. 
852 |a INST  |b LESVOS  |e 19981006  |h 621.433 BAT  |p 005100018591  |q 005100018591  |t BK  |y 0 
901 |a BIBL-1999-1 
909 |a Λ  |b 059194 
922 |a 1ΕΛΗ  |b 199809  |c ΚΠΣ/ΤΠ  |d ΠΑΠΑΣΩΤΗΡΙΟΥ 
950 |a 107-1998-07-18